LEADER 01194cam a2200397 7i4500
001 0000022524
005 20090413090000.0
090 0 0 |a ASIA 382.095001   |b DOI 
245 0 0 |a Doing business in Asia :   |b 2007. 
260 0 0 |a Singapore:   |b CCH Asia,   |c 2007. 
300 # # |a 2 v. [v.p]. 
650 0 0 |a Business --   |z Myanmar  
650 0 0 |a Doing business --   |z Taiwan  
650 0 0 |a Doingb business --   |z Malaysia  
650 0 0 |a Doing business --   |x Asia  
650 0 0 |a Doing business --   |z Philippines  
650 0 0 |a Doing business --   |z Singapore  
650 0 0 |a Doing business --   |z Thailand  
650 0 0 |a Doing business --   |z Myanmar  
650 0 0 |a Doing business --   |z Vietnam  
650 0 0 |a Business --   |x Asia  
650 0 0 |a Business --   |z Philippines  
650 0 0 |a Business --   |z Singapore  
650 0 0 |a Business --   |z Taiwan  
650 0 0 |a Business --   |z Malaysia  
650 0 0 |a Business --   |z Thailand  
650 0 0 |a Business --   |z Vietnam  
651 0 0 |a Thailand  
651 0 0 |a Myanmar  
651 0 0 |a Phippines  
651 0 0 |a Vietnam  
651 0 0 |a Taiwan  
651 0 0 |a Asia  
651 0 0 |a Malaysia  
651 0 0 |a Singapore  
999 |a B000023756  |b Book  |c Regions  |e Business Information Centre